000 00670nam a2200205 a 4500
008
049 _aMAIN
090 _aHB171.5
100 1 _aMermelstein, David.
245 1 0 _aEconomics: mainstream readings and radical critiques /
_cedited with introductions by David Mermelstein ; Special introduction by Robert Lekachman.
260 _aNew York :
_bRandom House,
_c[1970]
300 _axx, 620 p. ;
_c24 cm.
504 _aIncludes bibliographical references.
650 0 _aEconomics.
907 _a.b10036532
_b22-01-04
_c17-04-03
003
005 20230123133200.0
040 _cNUST
942 _cBOOKS
_kHB171.5
999 _c144151
_d144151